Chuyển đến nội dung
Inicio
Centros participantes
Catálogo
Servicios
Contacto
Đăng nhập
English
Deutsch
Español
Français
Italiano
日本語
Nederlands
Português
Português (Brasil)
中文(简体)
中文(繁體)
Türkçe
עברית
Gaeilge
Cymraeg
Ελληνικά
Català
Euskara
Русский
Čeština
Suomi
Svenska
polski
Dansk
slovenščina
اللغة العربية
বাংলা
Galego
Tiếng Việt
Hrvatski
हिंदी
Հայերէն
Українська
Sámegiella
Ngôn ngữ
Tất cả các trường
Tiêu đề
Tác giả
Chủ đề
Số hiệu
số ISBN/ISSN
Nhãn
Tìm kiếm
Nâng cao
Diccionario de Lingüistica
Trích dẫn điều này
Email này
In
Xuất bản ghi
Xuất tới RefWorks
Xuất tới EndNoteWeb
Xuất tới EndNote
Lưu vào danh sách
Liên kết dài hạn
Agregar primera valuación
Diccionario de Lingüistica
Đã lưu trong:
Chi tiết về thư mục
Tác giả chính:
Munin, Georges
Định dạng:
Texto
Được phát hành:
Buenos Aires:
Labor
Các nhãn:
Thêm thẻ
Không có thẻ, Là người đầu tiên thẻ bản ghi này!
Đang giữ
Miêu tả
Những bình luận
Những quyển sách tương tự
Chế độ xem nhân viên
MARC
LEADER
00000 a a2200000 04500
001
24828
003
040
090
|a
R 178500
100
|a
Munin, Georges
245
|a
Diccionario de Lingüistica
260
|a
Buenos Aires:
|b
Labor
300
|a
249 p.
999
|c
10858
|d
10858
Những quyển sách tương tự
Diccionario de lingüística
Bằng: Lewandowski, Theodor
Được phát hành: (1982)
Estructuralismo y lingüística
Bằng: Haudricourt, André Georges
Được phát hành: (1971)
Claves para la lingüística
Bằng: Mounin, Georges
Được phát hành: (1974)
La lingüística del siglo XX
Bằng: Mounin, Georges
Được phát hành: (1976)
Lingüística
Bằng: Iordan, Iorgu
Được phát hành: (1975)